[Event "World Youth & Cadets Blitz Championships"]
[Site "Rhodes, Greece"]
[Date "2022.05.03"]
[Round "8.34"]
[White "Kryvenko, Daryna"]
[Black "Starosta, Martyna"]
[Result "0-1"]
[TimeControl "5'/game & 2\"/move"]
[WhiteElo "1344"]
[BlackElo "1707"]

1. d4 {[%clk 00:05:02]} {[%emt 00:00:01]} Nf6 {[%clk 00:05:03]} {[%emt
00:00:01]} 2. Nc3 {[%clk 00:05:03]} {[%emt 00:00:01]} d5 {[%clk 00:05:04]}
{[%emt 00:00:01]} 3. Bf4 {[%clk 00:05:04]} {[%emt 00:00:01]} c5 {[%clk
00:05:02]} {[%emt 00:00:04]} 4. e3 {[%clk 00:05:04]} {[%emt 00:00:01]} a6
{[%clk 00:05:01]} {[%emt 00:00:04]} 5. Be2 {[%clk 00:04:59]} {[%emt 00:00:06]}
Nc6 {[%clk 00:05:02]} {[%emt 00:00:02]} 6. a3 {[%clk 00:04:58]} {[%emt
00:00:03]} e6 {[%clk 00:04:36]} {[%emt 00:00:27]} 7. Nf3 {[%clk 00:04:57]}
{[%emt 00:00:04]} Be7 {[%clk 00:04:22]} {[%emt 00:00:16]} 8. O-O {[%clk
00:04:48]} {[%emt 00:00:10]} O-O {[%clk 00:04:23]} {[%emt 00:00:02]} 9. Ne5
{[%clk 00:04:35]} {[%emt 00:00:15]} Bd7 {[%clk 00:03:59]} {[%emt 00:00:26]} 10.
Re1 {[%clk 00:04:04]} {[%emt 00:00:33]} Rc8 {[%clk 00:03:49]} {[%emt 00:00:11]}
11. Rc1 {[%clk 00:03:56]} {[%emt 00:00:11]} Re8 {[%clk 00:03:34]} {[%emt
00:00:18]} 12. h3 {[%clk 00:03:49]} {[%emt 00:00:08]} cxd4 {[%clk 00:03:32]}
{[%emt 00:00:03]} 13. exd4 {[%clk 00:03:50]} {[%emt 00:00:02]} Qb6 {[%clk
00:03:28]} {[%emt 00:00:06]} 14. Nxc6 {[%clk 00:03:45]} {[%emt 00:00:07]} Bxc6
{[%clk 00:03:26]} {[%emt 00:00:04]} 15. Rb1 {[%clk 00:03:22]} {[%emt 00:00:24]}
Qa5 {[%clk 00:03:16]} {[%emt 00:00:13]} 16. Bd3 {[%clk 00:02:44]} {[%emt
00:00:40]} b5 {[%clk 00:02:59]} {[%emt 00:00:19]} 17. Ne2 {[%clk 00:01:44]}
{[%emt 00:01:02]} Nh5 {[%clk 00:02:33]} {[%emt 00:00:28]} 18. Bh2 {[%clk
00:01:39]} {[%emt 00:00:07]} Bb7 {[%clk 00:02:25]} {[%emt 00:00:10]} 19. Nf4
{[%clk 00:01:23]} {[%emt 00:00:17]} Nxf4 {[%clk 00:02:26]} {[%emt 00:00:02]} 20.
Bxf4 {[%clk 00:01:24]} {[%emt 00:00:01]} Bf6 {[%clk 00:02:23]} {[%emt
00:00:04]} 21. c3 {[%clk 00:01:24]} {[%emt 00:00:03]} Qd8 {[%clk 00:02:17]}
{[%emt 00:00:08]} 22. Qe2 {[%clk 00:01:20]} {[%emt 00:00:06]} Qd7 {[%clk
00:01:58]} {[%emt 00:00:21]} 23. Qh5 {[%clk 00:01:06]} {[%emt 00:00:15]} g6
{[%clk 00:02:00]} 24. Qe2 {[%clk 00:01:00]} {[%emt 00:00:08]} Bg7 {[%clk
00:01:59]} {[%emt 00:00:03]} 25. Be5 {[%clk 00:00:59]} {[%emt 00:00:03]} f6
{[%clk 00:01:56]} {[%emt 00:00:05]} 26. Bg3 {[%clk 00:00:53]} {[%emt 00:00:08]}
e5 {[%clk 00:01:52]} {[%emt 00:00:06]} 27. dxe5 {[%clk 00:00:51]} {[%emt
00:00:04]} fxe5 {[%clk 00:01:53]} {[%emt 00:00:01]} 28. f3 {[%clk 00:00:40]}
{[%emt 00:00:13]} e4 {[%clk 00:01:39]} {[%emt 00:00:16]} 29. fxe4 {[%clk
00:00:37]} {[%emt 00:00:06]} dxe4 {[%clk 00:01:40]} {[%emt 00:00:01]} 30. Bc2
{[%clk 00:00:35]} {[%emt 00:00:04]} Qc6 {[%clk 00:01:14]} {[%emt 00:00:27]} 31.
Rbd1 {[%clk 00:00:24]} {[%emt 00:00:13]} Kh8 {[%clk 00:01:13]} {[%emt
00:00:02]} 32. Qe3 {[%clk 00:00:18]} {[%emt 00:00:09]} a5 {[%clk 00:01:06]}
{[%emt 00:00:09]} 33. Bf4 {[%clk 00:00:19]} {[%emt 00:00:01]} b4 {[%clk
00:00:57]} {[%emt 00:00:11]} 34. Rd6 {[%clk 00:00:16]} {[%emt 00:00:04]} Qc4
{[%clk 00:00:40]} {[%emt 00:00:20]} 35. axb4 {[%clk 00:00:12]} {[%emt
00:00:06]} axb4 {[%clk 00:00:41]} {[%emt 00:00:01]} 36. Bh6 {[%clk 00:00:11]}
{[%emt 00:00:03]} Bxh6 {[%clk 00:00:36]} {[%emt 00:00:06]} 37. Qxh6 {[%clk
00:00:12]} {[%emt 00:00:02]} Qc5+ {[%clk 00:00:38]} 38. Rd4 {[%clk 00:00:11]}
{[%emt 00:00:03]} bxc3 {[%clk 00:00:30]} {[%emt 00:00:09]} 39. bxc3 {[%clk
00:00:08]} {[%emt 00:00:05]} Rc7 {[%clk 00:00:20]} {[%emt 00:00:12]} 40. Qe3
{[%clk 00:00:05]} {[%emt 00:00:05]} Qxc3 {[%clk 00:00:17]} {[%emt 00:00:05]} 41.
Bxe4 {[%clk 00:00:06]} {[%emt 00:00:02]} Qxe3+ {[%clk 00:00:13]} {[%emt
00:00:05]} 42. Rxe3 {[%clk 00:00:06]} {[%emt 00:00:01]} Rce7 {[%clk 00:00:13]}
{[%emt 00:00:03]} 43. Bxb7 {[%clk 00:00:06]} {[%emt 00:00:02]} Rxe3 {[%clk
00:00:13]} {[%emt 00:00:01]} 44. Rd7 {[%clk 00:00:06]} {[%emt 00:00:03]} Ra3
{[%clk 00:00:09]} {[%emt 00:00:07]} 45. Bf3 {[%clk 00:00:05]} {[%emt 00:00:02]}
Rf8 {[%clk 00:00:08]} {[%emt 00:00:03]} 46. Kh2 {[%clk 00:00:05]} {[%emt
00:00:03]} Ra2 {[%clk 00:00:08]} {[%emt 00:00:02]} 47. Kg3 {[%clk 00:00:05]}
{[%emt 00:00:01]} Ra3 {[%clk 00:00:08]} {[%emt 00:00:03]} 48. Kh2 {[%clk
00:00:05]} {[%emt 00:00:01]} Ra2 {[%clk 00:00:05]} {[%emt 00:00:05]} 49. Kg3
{[%clk 00:00:06]} Ra3 {[%clk 00:00:06]} {[%emt 00:00:01]} 50. Kh2 {[%emt
00:00:01]} Re3 {[%clk 00:00:07]} 51. Rc7 {[%clk 00:00:06]} {[%emt 00:00:04]}
Ra3 {[%clk 00:00:08]} {[%emt 00:00:01]} 52. Re7 {[%clk 00:00:06]} {[%emt
00:00:02]} Rc3 {[%clk 00:00:08]} {[%emt 00:00:02]} 53. Rd7 {[%clk 00:00:06]}
{[%emt 00:00:02]} Rc2 {[%clk 00:00:09]} 54. Kg3 {[%clk 00:00:07]} {[%emt
00:00:01]} Rc3 {[%clk 00:00:10]} {[%emt 00:00:01]} 55. Kh2 {[%emt 00:00:03]}
Re3 {[%clk 00:00:09]} {[%emt 00:00:02]} 56. Rc7 {[%clk 00:00:07]} {[%emt
00:00:02]} Rexf3 {[%clk 00:00:06]} {[%emt 00:00:04]} 57. gxf3 {[%clk 00:00:08]}
{[%emt 00:00:01]} Rxf3 {[%clk 00:00:07]} 58. Kg2 {[%clk 00:00:09]} {[%emt
00:00:02]} Rf8 {[%clk 00:00:08]} {[%emt 00:00:01]} 59. Kg3 {[%clk 00:00:10]}
{[%emt 00:00:01]} Kg8 {[%clk 00:00:09]} 60. Kg4 {[%clk 00:00:11]} Rf7 {[%clk
00:00:11]} {[%emt 00:00:01]} 61. Rc8+ {[%clk 00:00:12]} Kg7 {[%clk 00:00:12]}
62. h4 {[%clk 00:00:13]} h5+ {[%clk 00:00:12]} {[%emt 00:00:03]} 63. Kg3 {[%clk
00:00:12]} {[%emt 00:00:02]} Ra7 {[%clk 00:00:11]} {[%emt 00:00:02]} 64. Rc3
{[%clk 00:00:11]} {[%emt 00:00:04]} Ra4 {[%clk 00:00:08]} {[%emt 00:00:05]} 65.
Rc7+ {[%clk 00:00:10]} {[%emt 00:00:02]} Kf6 {[%clk 00:00:09]} {[%emt
00:00:02]} 66. Rc6+ {[%clk 00:00:10]} {[%emt 00:00:01]} Kg7 {[%clk 00:00:10]}
{[%emt 00:00:02]} 67. Rc7+ {[%clk 00:00:11]} Kh6 {[%clk 00:00:11]} {[%emt
00:00:01]} 68. Rc6 {[%clk 00:00:11]} {[%emt 00:00:03]} Ra7 {[%clk 00:00:12]}
{[%emt 00:00:01]} 69. Re6 {[%clk 00:00:10]} {[%emt 00:00:03]} Kg7 {[%clk
00:00:13]} 70. Kf4 {[%clk 00:00:10]} {[%emt 00:00:02]} Ra4+ {[%clk 00:00:14]}
{[%emt 00:00:01]} 71. Kg3 {[%clk 00:00:06]} {[%emt 00:00:07]} Ra3+ {[%clk
00:00:14]} {[%emt 00:00:02]} 72. Kg2 {[%clk 00:00:05]} {[%emt 00:00:03]} Ra2+
{[%clk 00:00:09]} {[%emt 00:00:06]} 73. Kg3 {[%clk 00:00:05]} {[%emt 00:00:02]}
Ra3+ {[%clk 00:00:10]} 74. Kg2 {[%clk 00:00:06]} Ra4 {[%clk 00:00:10]} {[%emt
00:00:03]} 75. Kg3 {[%clk 00:00:07]} {[%emt 00:00:01]} Ra3+ {[%clk 00:00:11]}
{[%emt 00:00:01]} 76. Kg2 {[%clk 00:00:08]} Kf7 {[%clk 00:00:13]} 77. Rc6
{[%clk 00:00:06]} {[%emt 00:00:04]} Re3 {[%clk 00:00:13]} {[%emt 00:00:01]} 78.
Rc7+ {[%clk 00:00:06]} {[%emt 00:00:01]} Kf6 {[%clk 00:00:15]} {[%emt
00:00:01]} 79. Rc6+ {[%clk 00:00:07]} {[%emt 00:00:02]} Re6 {[%clk 00:00:16]}
{[%emt 00:00:01]} 80. Rc5 {[%clk 00:00:08]} Re5 {[%clk 00:00:17]} 81. Rc6+
{[%clk 00:00:09]} Kf5 {[%clk 00:00:19]} 82. Kg3 {[%clk 00:00:08]} {[%emt
00:00:02]} Re3+ {[%clk 00:00:19]} {[%emt 00:00:02]} 83. Kh2 {[%clk 00:00:08]}
{[%emt 00:00:02]} Re4 {[%clk 00:00:18]} {[%emt 00:00:03]} 84. Kg3 {[%clk
00:00:07]} {[%emt 00:00:02]} Rg4+ {[%clk 00:00:19]} {[%emt 00:00:01]} 85. Kh3
{[%clk 00:00:08]} Kf4 {[%clk 00:00:18]} {[%emt 00:00:04]} 86. Rf6+ {[%clk
00:00:09]} Ke5 {[%clk 00:00:19]} 87. Rf3 {[%clk 00:00:09]} {[%emt 00:00:03]}
Ke4 {[%clk 00:00:20]} 88. Rf6 {[%clk 00:00:09]} {[%emt 00:00:02]} Ke5 {[%clk
00:00:17]} {[%emt 00:00:05]} 89. Rf3 {[%clk 00:00:06]} {[%emt 00:00:05]} Rf4
{[%clk 00:00:18]} {[%emt 00:00:01]} 90. Rg3 {[%clk 00:00:06]} {[%emt 00:00:03]}
Kf5 {[%clk 00:00:18]} {[%emt 00:00:01]} 91. Rg1 {[%clk 00:00:05]} {[%emt
00:00:03]} Rf3+ {[%clk 00:00:16]} {[%emt 00:00:04]} 92. Kh2 {[%clk 00:00:06]}
Rf2+ {[%clk 00:00:15]} {[%emt 00:00:03]} 93. Kh3 {[%clk 00:00:07]} Rf4 {[%clk
00:00:14]} {[%emt 00:00:03]} 94. Rg3 {[%clk 00:00:06]} {[%emt 00:00:02]} Re4
{[%clk 00:00:12]} {[%emt 00:00:05]} 95. Rg5+ {[%clk 00:00:05]} {[%emt
00:00:02]} Kf6 {[%clk 00:00:13]} {[%emt 00:00:02]} 96. Rg3 {[%clk 00:00:06]}
Rf4 {[%clk 00:00:10]} {[%emt 00:00:06]} 97. Rg2 {[%clk 00:00:03]} {[%emt
00:00:04]} Rf3+ {[%clk 00:00:10]} {[%emt 00:00:02]} 98. Kh2 {[%clk 00:00:05]}
Re3 {[%clk 00:00:08]} {[%emt 00:00:04]} 99. Rf2+ {[%clk 00:00:05]} {[%emt
00:00:02]} Ke6 {[%clk 00:00:09]} {[%emt 00:00:01]} 100. Rg2 {[%clk 00:00:06]}
Kf5 {[%clk 00:00:11]} 101. Rg1 {[%clk 00:00:05]} {[%emt 00:00:03]} Re4 {[%clk
00:00:10]} {[%emt 00:00:02]} 102. Kh3 {[%clk 00:00:06]} {[%emt 00:00:02]} Rg4
{[%clk 00:00:07]} {[%emt 00:00:05]} 103. Rf1+ {[%clk 00:00:06]} {[%emt
00:00:02]} Ke4 {[%clk 00:00:08]} 104. Rf6 {[%clk 00:00:05]} {[%emt 00:00:02]}
Ke5 {[%clk 00:00:07]} {[%emt 00:00:04]} 105. Rf2 {[%clk 00:00:06]} Rf4 {[%clk
00:00:07]} {[%emt 00:00:02]} 106. Rg2 {[%clk 00:00:06]} {[%emt 00:00:03]} Rf6
{[%clk 00:00:08]} {[%emt 00:00:01]} 107. Rg3 {[%clk 00:00:05]} {[%emt
00:00:03]} Ke4 {[%clk 00:00:08]} {[%emt 00:00:01]} 108. Rg2 {[%clk 00:00:05]}
{[%emt 00:00:01]} Rf3+ {[%clk 00:00:07]} {[%emt 00:00:04]} 109. Kh2 {[%clk
00:00:06]} {[%emt 00:00:01]} Rf6 {[%clk 00:00:06]} {[%emt 00:00:03]} 110. Kh3
{[%clk 00:00:07]} {[%emt 00:00:01]} Ra6 {[%clk 00:00:07]} {[%emt 00:00:01]} 111.
Rg5 {[%clk 00:00:05]} {[%emt 00:00:03]} Kf4 {[%clk 00:00:08]} {[%emt 00:00:02]}
112. Rg3 {[%clk 00:00:05]} {[%emt 00:00:02]} Rb6 {[%clk 00:00:08]} {[%emt
00:00:02]} 113. Rg5 {[%clk 00:00:03]} {[%emt 00:00:04]} Rb3+ {[%clk 00:00:09]}
{[%emt 00:00:01]} 114. Kh2 {[%clk 00:00:04]} Rb2+ {[%clk 00:00:06]} {[%emt
00:00:05]} 115. Kh3 {[%clk 00:00:05]} Rb6 {[%clk 00:00:05]} {[%emt 00:00:04]}
116. Rg2 {[%clk 00:00:05]} {[%emt 00:00:01]} Rc6 {[%clk 00:00:06]} {[%emt
00:00:02]} 117. Rg5 {[%clk 00:00:06]} {[%emt 00:00:01]} Rc3+ {[%clk 00:00:07]}
{[%emt 00:00:02]} 118. Kh2 {[%clk 00:00:07]} Rc6 {[%clk 00:00:07]} {[%emt
00:00:02]} 119. Kh3 {[%clk 00:00:08]} {[%emt 00:00:01]} Kf3 {[%clk 00:00:06]}
{[%emt 00:00:03]} 120. Rg1 {[%clk 00:00:06]} {[%emt 00:00:04]} Rd6 {[%clk
00:00:06]} {[%emt 00:00:03]} 121. Rf1+ {[%clk 00:00:06]} {[%emt 00:00:01]} Ke4
{[%clk 00:00:06]} {[%emt 00:00:02]} 122. Rg1 {[%clk 00:00:06]} {[%emt
00:00:02]} Rd3+ {[%clk 00:00:06]} {[%emt 00:00:02]} 123. Kh2 {[%clk 00:00:07]}
{[%emt 00:00:01]} Kf5 {[%clk 00:00:06]} {[%emt 00:00:02]} 124. Rg5+ {[%clk
00:00:08]} {[%emt 00:00:02]} Kf6 {[%clk 00:00:07]} {[%emt 00:00:01]} 125. Rg2
{[%clk 00:00:07]} {[%emt 00:00:02]} Rd4 {[%clk 00:00:07]} {[%emt 00:00:02]} 126.
Kh3 {[%clk 00:00:08]} Kf5 {[%emt 00:00:06]} 127. Rg5+ Kf6 {[%clk 00:00:07]} 128.
Rg2 {[%clk 00:00:08]} {[%emt 00:00:02]} Rf4 {[%clk 00:00:07]} {[%emt 00:00:02]}
129. Rg3 {[%clk 00:00:08]} {[%emt 00:00:01]} Rf5 {[%clk 00:00:07]} {[%emt
00:00:03]} 130. Rg2 {[%clk 00:00:06]} {[%emt 00:00:04]} Re5 {[%clk 00:00:05]}
{[%emt 00:00:04]} 131. Rg3 {[%clk 00:00:06]} {[%emt 00:00:02]} Re4 {[%clk
00:00:06]} {[%emt 00:00:01]} 132. Rg2 {[%clk 00:00:06]} {[%emt 00:00:02]} Rf4
{[%clk 00:00:05]} {[%emt 00:00:04]} 133. Rg3 {[%clk 00:00:06]} {[%emt
00:00:02]} Rf1 {[%clk 00:00:05]} {[%emt 00:00:01]} 134. Kg2 {[%clk 00:00:05]}
{[%emt 00:00:02]} Ra1 {[%clk 00:00:06]} {[%emt 00:00:02]} 135. Rf3+ {[%clk
00:00:05]} {[%emt 00:00:02]} Ke5 {[%clk 00:00:07]} {[%emt 00:00:02]} 136. Kg3
{[%clk 00:00:00]} {[%emt 00:00:04]} Ra8 {[%emt 00:00:11]} 0-1

[Event "World Youth & Cadets Blitz Championships"]
[Site "Rhodes, Greece"]
[Date "2022.05.03"]
[Round "8.35"]
[White "Siekanska, Maria"]
[Black "Chuchukova, Stefani"]
[Result "1-0"]
[TimeControl "5'/game & 2\"/move"]
[WhiteElo "1723"]
[BlackElo "1449"]

1. d4 {[%clk 00:05:03]} c5 {[%clk 00:05:03]} {[%emt 00:00:01]} 2. d5 {[%clk
00:05:04]} {[%emt 00:00:01]} e5 {[%clk 00:05:05]} 3. c4 {[%clk 00:05:04]}
{[%emt 00:00:02]} d6 {[%clk 00:05:06]} 4. e4 {[%clk 00:05:00]} {[%emt
00:00:05]} Be7 {[%clk 00:05:06]} {[%emt 00:00:02]} 5. Bd3 {[%clk 00:04:53]}
{[%emt 00:00:09]} Bg5 {[%clk 00:05:05]} {[%emt 00:00:03]} 6. Nd2 {[%clk
00:04:50]} {[%emt 00:00:05]} a6 {[%clk 00:04:55]} {[%emt 00:00:12]} 7. h3
{[%clk 00:04:40]} {[%emt 00:00:12]} Bd7 {[%clk 00:04:43]} {[%emt 00:00:14]} 8.
a4 {[%clk 00:04:33]} {[%emt 00:00:09]} Ne7 {[%clk 00:04:34]} {[%emt 00:00:11]}
9. Ngf3 {[%clk 00:04:32]} {[%emt 00:00:02]} Bf4 {[%clk 00:04:31]} {[%emt
00:00:05]} 10. O-O {[%clk 00:04:01]} {[%emt 00:00:34]} O-O {[%clk 00:04:25]}
{[%emt 00:00:08]} 11. Re1 {[%clk 00:03:40]} {[%emt 00:00:22]} f5 {[%clk
00:04:18]} {[%emt 00:00:10]} 12. exf5 {[%clk 00:03:36]} {[%emt 00:00:06]} Bxf5
{[%clk 00:04:18]} {[%emt 00:00:02]} 13. Ne4 {[%clk 00:03:26]} {[%emt 00:00:12]}
Ng6 {[%clk 00:04:09]} {[%emt 00:00:11]} 14. Bf1 {[%clk 00:02:49]} {[%emt
00:00:39]} a5 {[%clk 00:03:37]} {[%emt 00:00:35]} 15. g3 {[%clk 00:02:30]}
{[%emt 00:00:20]} Bxc1 {[%clk 00:03:30]} {[%emt 00:00:09]} 16. Rxc1 {[%clk
00:02:31]} {[%emt 00:00:02]} Na6 {[%clk 00:03:22]} {[%emt 00:00:09]} 17. Bg2
{[%clk 00:02:28]} {[%emt 00:00:05]} Qd7 {[%clk 00:03:09]} {[%emt 00:00:15]} 18.
Kh2 {[%clk 00:02:25]} {[%emt 00:00:05]} h5 {[%clk 00:02:54]} {[%emt 00:00:17]}
19. h4 {[%clk 00:01:59]} {[%emt 00:00:28]} Bg4 {[%clk 00:02:41]} {[%emt
00:00:16]} 20. Qb3 {[%clk 00:01:42]} {[%emt 00:00:18]} Nb4 {[%clk 00:02:36]}
{[%emt 00:00:07]} 21. Nfg5 {[%clk 00:01:25]} {[%emt 00:00:19]} Rae8 {[%clk
00:02:08]} {[%emt 00:00:30]} 22. Qe3 {[%clk 00:01:14]} {[%emt 00:00:13]} Ne7
{[%clk 00:02:04]} {[%emt 00:00:06]} 23. b3 {[%clk 00:00:57]} {[%emt 00:00:19]}
Nf5 {[%clk 00:02:05]} {[%emt 00:00:02]} 24. Qc3 {[%clk 00:00:57]} {[%emt
00:00:02]} Nd4 {[%clk 00:02:05]} {[%emt 00:00:01]} 25. f3 {[%clk 00:00:39]}
{[%emt 00:00:20]} Bf5 {[%clk 00:01:51]} {[%emt 00:00:16]} 26. Rcd1 {[%clk
00:00:36]} {[%emt 00:00:06]} b6 {[%clk 00:01:47]} {[%emt 00:00:06]} 27. Rf1
{[%clk 00:00:32]} {[%emt 00:00:06]} Qe7 {[%clk 00:01:39]} {[%emt 00:00:10]} 28.
Bh3 {[%clk 00:00:27]} {[%emt 00:00:05]} Bxh3 {[%clk 00:01:20]} {[%emt
00:00:22]} 29. Kxh3 {[%clk 00:00:21]} {[%emt 00:00:08]} Qd7+ {[%clk 00:01:21]}
{[%emt 00:00:02]} 30. Kg2 {[%clk 00:00:22]} {[%emt 00:00:01]} Re7 {[%clk
00:01:11]} {[%emt 00:00:11]} 31. Qb2 {[%clk 00:00:20]} {[%emt 00:00:04]} Nbc2
{[%clk 00:01:12]} {[%emt 00:00:02]} 32. Rd3 {[%clk 00:00:14]} {[%emt 00:00:08]}
Nb4 {[%clk 00:01:11]} {[%emt 00:00:02]} 33. Rc3 {[%clk 00:00:13]} {[%emt
00:00:03]} Nf5 {[%clk 00:01:10]} {[%emt 00:00:04]} 34. Qb1 {[%clk 00:00:12]}
{[%emt 00:00:02]} Kh8 {[%clk 00:01:08]} {[%emt 00:00:04]} 35. Kh2 {[%clk
00:00:10]} {[%emt 00:00:04]} Nd4 {[%clk 00:01:08]} {[%emt 00:00:02]} 36. Nxd6
{[%clk 00:00:09]} {[%emt 00:00:04]} e4 {[%clk 00:00:38]} {[%emt 00:00:31]} 37.
Ndxe4 {[%clk 00:00:07]} {[%emt 00:00:04]} g6 {[%clk 00:00:36]} {[%emt
00:00:04]} 38. Nd2 {[%clk 00:00:07]} {[%emt 00:00:02]} Kg7 {[%clk 00:00:35]}
{[%emt 00:00:03]} 39. f4 {[%clk 00:00:06]} {[%emt 00:00:02]} Re2+ {[%clk
00:00:35]} {[%emt 00:00:03]} 40. Kg1 {[%clk 00:00:06]} {[%emt 00:00:02]} Rxd2
{[%clk 00:00:36]} {[%emt 00:00:02]} 41. Qe4 {[%clk 00:00:03]} {[%emt 00:00:04]}
Re8 {[%clk 00:00:32]} {[%emt 00:00:06]} 42. Ne6+ {[%clk 00:00:04]} Kf7 {[%clk
00:00:32]} {[%emt 00:00:02]} 43. f5 {[%clk 00:00:03]} {[%emt 00:00:04]} Nxf5
{[%clk 00:00:31]} {[%emt 00:00:02]} 44. Rxf5+ {[%clk 00:00:05]} {[%emt
00:00:01]} gxf5 {[%clk 00:00:32]} {[%emt 00:00:01]} 45. Qxf5+ {[%clk 00:00:06]}
Ke7 {[%clk 00:00:32]} {[%emt 00:00:03]} 46. Qg5+ {[%clk 00:00:07]} Kf7 {[%clk
00:00:29]} {[%emt 00:00:06]} 47. Qxd2 {[%clk 00:00:08]} Rxe6 {[%clk 00:00:23]}
{[%emt 00:00:09]} 48. dxe6+ {[%clk 00:00:09]} Qxe6 {[%clk 00:00:24]} {[%emt
00:00:02]} 49. Rf3+ {[%clk 00:00:10]} {[%emt 00:00:01]} Kg8 {[%clk 00:00:20]}
{[%emt 00:00:05]} 50. Qg5+ {[%clk 00:00:10]} {[%emt 00:00:02]} Kh7 {[%clk
00:00:18]} {[%emt 00:00:04]} 51. Qxh5+ {[%clk 00:00:11]} {[%emt 00:00:01]} Kg7
{[%clk 00:00:19]} {[%emt 00:00:01]} 52. Qg5+ {[%clk 00:00:12]} Kh7 {[%clk
00:00:21]} {[%emt 00:00:01]} 53. Qf5+ {[%clk 00:00:10]} {[%emt 00:00:03]} Qxf5
{[%clk 00:00:21]} {[%emt 00:00:02]} 54. Rxf5 {[%clk 00:00:11]} {[%emt
00:00:01]} Kg7 {[%clk 00:00:23]} 55. g4 {[%clk 00:00:11]} {[%emt 00:00:01]} Nc6
{[%clk 00:00:22]} {[%emt 00:00:03]} 56. Rd5 {[%clk 00:00:11]} {[%emt 00:00:02]}
Nd4 {[%clk 00:00:22]} {[%emt 00:00:02]} 57. Rd7+ {[%clk 00:00:12]} {[%emt
00:00:01]} Kf8 {[%clk 00:00:22]} {[%emt 00:00:03]} 58. Kf2 {[%clk 00:00:10]}
{[%emt 00:00:03]} Nxb3 {[%clk 00:00:23]} {[%emt 00:00:02]} 59. g5 {[%clk
00:00:10]} {[%emt 00:00:01]} Nd4 {[%clk 00:00:22]} {[%emt 00:00:03]} 60. h5
{[%clk 00:00:10]} {[%emt 00:00:02]} Ne6 {[%clk 00:00:20]} {[%emt 00:00:04]} 61.
g6 {[%clk 00:00:10]} {[%emt 00:00:03]} Ke8 {[%clk 00:00:19]} {[%emt 00:00:02]}
62. Rb7 {[%clk 00:00:10]} {[%emt 00:00:02]} Nf4 {[%clk 00:00:19]} {[%emt
00:00:03]} 63. h6 {[%clk 00:00:07]} {[%emt 00:00:05]} Nxg6 {[%clk 00:00:19]}
{[%emt 00:00:02]} 64. Rxb6 {[%clk 00:00:05]} {[%emt 00:00:03]} Kf7 {[%clk
00:00:19]} {[%emt 00:00:02]} 65. h7 {[%clk 00:00:04]} {[%emt 00:00:04]} Nh8
{[%clk 00:00:18]} {[%emt 00:00:03]} 66. Rb8 {[%clk 00:00:04]} {[%emt 00:00:01]}
Kg7 {[%clk 00:00:19]} 67. Ke3 {[%clk 00:00:05]} Kxh7 {[%clk 00:00:20]} {[%emt
00:00:01]} 68. Rxh8+ {[%clk 00:00:04]} {[%emt 00:00:03]} Kxh8 {[%clk 00:00:21]}
69. Ke4 {[%clk 00:00:05]} {[%emt 00:00:01]} Kg7 {[%clk 00:00:22]} 70. Kd5
{[%clk 00:00:07]} Kf8 {[%clk 00:00:24]} 71. Kxc5 {[%clk 00:00:08]} Ke7 {[%clk
00:00:26]} 72. Kb5 {[%clk 00:00:09]} {[%emt 00:00:01]} Kd8 {[%emt 00:00:01]} 73.
Kxa5 {[%clk 00:00:10]} Kc8 {[%clk 00:00:29]} 74. Kb6 {[%clk 00:00:11]} Kb8
{[%clk 00:00:30]} 75. c5 {[%clk 00:00:12]} {[%emt 00:00:01]} Kc8 {[%clk
00:00:32]} {[%emt 00:00:01]} 76. c6 {[%clk 00:00:13]} Kb8 {[%clk 00:00:33]} 77.
c7+ {[%clk 00:00:13]} {[%emt 00:00:02]} Kc8 {[%clk 00:00:35]} {[%emt 00:00:01]}
78. a5 {[%clk 00:00:14]} Kd7 {[%clk 00:00:36]} {[%emt 00:00:02]} 79. Kb7 {[%clk
00:00:15]} Kd6 {[%clk 00:00:37]} 80. c8=Q {[%clk 00:00:16]} {[%emt 00:00:01]}
Ke7 {[%clk 00:00:38]} {[%emt 00:00:01]} 81. a6 {[%clk 00:00:17]} {[%emt
00:00:01]} Kf6 {[%clk 00:00:39]} 82. a7 {[%clk 00:00:18]} Ke5 {[%clk 00:00:40]}
83. a8=Q {[%clk 00:00:19]} {[%emt 00:00:02]} Kd6 {[%clk 00:00:41]} {[%emt
00:00:02]} 84. Qa6+ {[%clk 00:00:20]} {[%emt 00:00:01]} Ke5 {[%clk 00:00:42]}
85. Qce6+ {[%clk 00:00:20]} {[%emt 00:00:01]} Kd4 {[%clk 00:00:43]} {[%emt
00:00:02]} 86. Qac4# {[%clk 00:00:21]} 1-0